Datum a čas kvízu
21
Celkem bodů
Celkový počet nahraných bodů na tomto kvízu bez doplňovacích otázek.
8.
Pořadí na kvízu
Konečné umístění týmu na tomto kvízu.
Zaznamenané odpovědi
| # | Otázka | Odpověď | Body | Výsledky |
|---|---|---|---|---|
| 1. | Ministerstvo obrany minulý týd... | Leopard | 1 | |
| 2. | Dílo italského umělce Maurizia... | banán | 1 | |
| 3. | 70letá herečka Pamela Hayden,... | Milhouse (Van Houten) | 0 | |
| 4. | Minulý týden jsme se dozvěděli... | D) aby zemřel | 1 | |
| 5. | Ve španělské Malaze se konalo... | Itálie | 0 | |
| 6. | Začneme ve Sluneční soustavě.... | Merkur | 0 | |
| 7. | I druhá otázka se bude týkat S... | D | 0 | |
| 8. | Třetí otázka se bude týkat sou... | Kasiopeja | 0 | |
| 9. | Nyní se podíváme na velmi vzdá... | Koňská hlava | 0 | |
| 10. | V poslední otázce se podíváme... | D) pulsar | 1 |